000
00223 a2200097 4500
020
_a
9788983140463
041
_a
spa
100
_a
Jong, Paul c
245
_a
Realmente has nacido de nuevo por agua y el espiritu
942
_c
BK
999
_c
11416
_d
11416